Name That Punctuation! Quiz Stats

Quiz Updated Aug 25, 2016

Also try: Past Tense Race
Challenge
Share
Tweet
Embed
Score 0/35 Timer 03:00
6 Plays Today
% Correct
Dollar
93.6%
Equals
93.5%
Percent
93.4%
Exclamation mark
93.2%
Plus
92.8%
Question mark
91.2%
Slash
90.9%
Semicolon
90.9%
Copyright symbol
90.2%
Asterisk
90%
Comma
89.7%
Colon
89.4%
Parentheses
88.8%
Quotation marks
88.6%
Period
88.6%
At sign
88.6%
Registered trademark
87.3%
Pound (Hash)
85.5%
% Correct
Cent
85.5%
Apostrophe
84.8%
Degree
84.8%
Ampersand
84.6%
Pound (British Currency)
82.9%
Trademark
82.2%
Yen
80.3%
Euro
77.3%
Vertical bar
72.8%
Tilde
64.1%
Caret
62.7%
Interrobang
52.6%
Therefore
51.1%
Section
42.9%
Because
39.4%
Pilcrow
36.4%
Obelus
33.9%

You're not logged in!

Compare scores with friends on all Sporcle quizzes.
Join for Free
OR
Log In

You Might Also Like...

Show Comments

Extras

Top Quizzes Today


Score Distribution

Your Account Isn't Verified!

In order to create a playlist on Sporcle, you need to verify the email address you used during registration. Go to your Sporcle Settings to finish the process.

Report this User

Report this user for behavior that violates our Community Guidelines.

Details: